<?xml version="1.0" encoding="UTF-8"?>
<record
    xmlns:xsi="http://www.w3.org/2001/XMLSchema-instance"
    xsi:schemaLocation="http://www.loc.gov/MARC21/slim http://www.loc.gov/standards/marcxml/schema/MARC21slim.xsd"
    xmlns="http://www.loc.gov/MARC21/slim">

  <leader>01382nab a2200253 i 4500</leader>
  <controlfield tag="001">BPP</controlfield>
  <controlfield tag="003">BPK</controlfield>
  <controlfield tag="005">20141008113444.0</controlfield>
  <controlfield tag="008">141008s2006    pl  |  |     |000 ||pol</controlfield>
  <datafield tag="040" ind1=" " ind2=" ">
    <subfield code="c">BPK</subfield>
  </datafield>
  <datafield tag="041" ind1=" " ind2=" ">
    <subfield code="a">pol</subfield>
    <subfield code="b">eng</subfield>
  </datafield>
  <datafield tag="044" ind1=" " ind2=" ">
    <subfield code="a">POL</subfield>
  </datafield>
  <datafield tag="080" ind1=" " ind2=" ">
    <subfield code="a">628.1/.3</subfield>
  </datafield>
  <datafield tag="080" ind1=" " ind2=" ">
    <subfield code="a">543</subfield>
  </datafield>
  <datafield tag="100" ind1=" " ind2=" ">
    <subfield code="a">ANIELAK, Anna Maria.</subfield>
    <subfield code="d">1996 - 2011.</subfield>
    <subfield code="b">Politechnika Koszali&#x144;ska - Wydzia&#x142; Budownictwa i In&#x17C;ynierii &#x15A;rodowiska,</subfield>
    <subfield code="c">Katedra Technologii Wody i &#x15A;ciek&#xF3;w</subfield>
  </datafield>
  <datafield tag="245" ind1=" " ind2=" ">
    <subfield code="a">W&#x142;a&#x15B;ciwo&#x15B;ci fizykochemiczne klinoptylolitu modyfikowanego ditlenkiem manganu = </subfield>
    <subfield code="b">The physicochemical properties of manganese dioxide-modified clinoptylolite /</subfield>
    <subfield code="c">Anna M. Anielak.</subfield>
  </datafield>
  <datafield tag="260" ind1=" " ind2=" ">
    <subfield code="c">2006.</subfield>
  </datafield>
  <datafield tag="500" ind1=" " ind2=" ">
    <subfield code="a">Dane z autopsji.</subfield>
  </datafield>
  <datafield tag="520" ind1=" " ind2=" ">
    <subfield code="a">Dokonano analizy fizykochemicznych w&#x142;a&#x15B;ciwo&#x15B;ci zeolitu naturalnego (klinoptylolitu), modyfikowanego ditlenkiem manganu. Na podstawie widma w podczerwieni zeolitu naturalnego i modyfikowanego przeprowadzono ocen&#x119; wp&#x142;ywu modyfikacji zeolitu na jego w&#x142;a&#x15B;ciwo&#x15B;ci. Okre&#x15B;lono jego zdolno&#x15B;ci katalityczne i sorpcyjne w procesie usuwania z wody Mn(II) i As(III). Przedstawiono mechanizm przebiegu reakcji utleniania i sorpcji badanych jon&#xF3;w a nast&#x119;pnie opisano go r&#xF3;wnaniami chemicznymi.</subfield>
  </datafield>
  <datafield tag="650" ind1=" " ind2="0">
    <subfield code="a">Oczyszczalnia &#x15B;ciek&#xF3;w.</subfield>
  </datafield>
  <datafield tag="650" ind1=" " ind2="0">
    <subfield code="a">Zeolity.</subfield>
  </datafield>
  <datafield tag="773" ind1=" " ind2=" ">
    <subfield code="i">W :</subfield>
    <subfield code="t">Przemys&#x142; Chemiczny. -</subfield>
    <subfield code="g">T. 85, 2006, nr 7, s. 487-491</subfield>
  </datafield>
  <datafield tag="942" ind1=" " ind2=" ">
    <subfield code="c">ART</subfield>
    <subfield code="2">UKD</subfield>
  </datafield>
  <datafield tag="999" ind1=" " ind2=" ">
    <subfield code="c">3387</subfield>
    <subfield code="d">3387</subfield>
  </datafield>
  <datafield tag="952" ind1=" " ind2=" ">
    <subfield code="0">0</subfield>
    <subfield code="1">0</subfield>
    <subfield code="4">0</subfield>
    <subfield code="7">0</subfield>
    <subfield code="a">BPK</subfield>
    <subfield code="b">BPK</subfield>
    <subfield code="o">0684</subfield>
    <subfield code="y">ART</subfield>
  </datafield>
</record>
